000 00917nam a2200241 i 4500
001 153623
003 ES-MaACL
005 20250815110840.0
008 040901s1836 fr |||| | fre d
040 _aCAM
_bspa
_cCAM
245 0 0 _aElements de géologie /
_c[par Burat].
260 _aParis ;
_aStrasbourg :
_bchez F.G. Levrault,
_c1836.
300 _a204 p. ;
_c14 cm.
490 1 _aMaitre Pierre ou Le savant de village
490 1 _aBibliothèque de l'instruction populaire ;
_v26
598 _aSegunda serie tomada de BN Opale-plus.
650 0 7 _aGeología
_2embne
_913086
740 0 2 _aMaitre Pierre ou Le savant de village.
830 0 _aMaitre Pierre ou Le savant de village
_9187710
830 0 _aBibliothèque de l'instruction populaire ;
_v26
_9187711
852 _aES-MaACL
_jD-5204(1)
_z-- Enc. hol.
_x-- Edic.: en el lomo consta : Instruction populaire
999 _c153623
_d153623